| 000 | 00000nam##2200000za#4500 |
| 001 | 9.691195 |
| 003 | CaOODSP |
| 005 | 20240209132426 |
| 007 | cr ||||||||||| |
| 008 | 150407|2008||||xxc|||||o f|0| 0 eng|d |
| 020 | |a978-1-100-10175-0 |
| 040 | |aCaOODSP|beng |
| 043 | |an-cn--- |
| 086 | 1 |aIu89-4/3-3-2008E-PDF |
| 110 | 2 |aAtlantic Canada Opportunities Agency. |
| 245 | 10|aAerospace and defence industry in Atlantic Canada |h[electronic resource] |
| 260 | |aMoncton - New Brunswick : |bAtlantic Canada Opportunities Agency |c[2008]. |
| 300 | |a12p.|bgraphs, photographs |
| 520 | 3 |aAcquaints readers with the features of various industries in Atlantic Canada. |
| 590 | |a11-02-Supp|b2011-01-27 |
| 690 | 07|aAerospace industry|2gcpds |
| 775 | 08|tIndustrie de l'aérospatiale et de la défense au Canada atlantique |w(CaOODSP)9.635528 |
| 776 | 0#|tAerospace and defence industry in Atlantic Canada |w(CaOODSP)9.651262 |
| 856 | 40|ahttp://publications.gc.ca|qPDF|s1562 KB|uhttps://publications.gc.ca/collections/collection_2010/apeca-acoa/Iu89-4-3-3-2008-eng.pdf |
| 986 | |aACOA: 2008-07 |